| 000 | 02012nam a22002777a 4500 | ||
|---|---|---|---|
| 999 |
_c57354 _d57354 |
||
| 003 | Ge_BSU | ||
| 005 | 20200527161934.0 | ||
| 008 | 200527s2015 xxu||||| |||| 00| 0 geo d | ||
| 020 | _a9789941134210 | ||
| 041 | _ageo | ||
| 080 | _a573.6 : 60 თ-61 | ||
| 100 |
_aთიმენი, უილიამ ჯ. _98234 |
||
| 245 |
_aბიოტექნოლოგიის შესავალი = Introduction to Biotechnology / _c უილიამ ჯ. თიმენი ; მაიკლ ა. პალადინო ; რედ. ნანა დვალიშვილი ; მთარგმნელები: ნანა დვალიშვილი, ნინო არჩვაძე ; ნინო ინასარიძე [და სხვ.] |
||
| 250 | _aმე-2 გამოცემა. | ||
| 264 |
_aთბილისი : _bთბილ. უნ-ტის გამ-ბა, _c2015. |
||
| 300 |
_aXIII, [444] გვ. : _b სურ. ; _c28 სმ. |
||
| 500 | _aსაძიებელი: გვ. 441-444 | ||
| 501 | _aთარგმანი განხორციელდა ევროკავშირის ფინანსური მხარდაჭერით TEMPUS-ის პროექტის JEP-159340 - ”სამაგისტრო პროგრამა გამოყენებით ბიომეცნიერებებში” ფარგლებში. | ||
| 653 | _aბიოტექნოლოგია. | ||
| 653 | _aგამოყენებითი მეცნიერებანი | ||
| 700 |
_aპალადინო, მაიკლ ა. _98235 |
||
| 700 |
_aდვალიშვილი, ნანა _eქართული გამოცემის რედაქტორი _98236 |
||
| 700 |
_aარჩვაძე,, ნინო _eმთარგმნელი _98237 |
||
| 700 |
_aინასარიძე, ნინო _eმთარგმნელი _98238 |
||
| 942 |
_2udc _cBK |
||